[Event "Interpolis-03"]
[Site "Tilburg"]
[Date "1979.11.03"]
[Round "3"]
[White "Timman, Jan H"]
[Black "Portisch, Lajos"]
[Result "1-0"]
[WhiteElo "2625"]
[BlackElo "2640"]
[Annotator "Ftacnik,L"]
[PlyCount "81"]
[EventDate "1979.11.01"]
[EventType "tourn"]
[EventRounds "11"]
[EventCountry "NED"]
[EventCategory "15"]
[SourceTitle "MCL"]
[Source "ChessBase"]
[SourceDate "1999.07.01"]
[SourceVersion "1"]
[SourceVersionDate "1999.07.01"]
[SourceQuality "1"]

1. c4 c5 2. Nf3 Nf6 3. Nc3 e6 4. g3 b6 5. Bg2 Bb7 6. O-O Be7 7. d4 cxd4 8. Qxd4
d6 9. b3 Nbd7 10. Bb2 (10. Ba3 Nc5) 10... O-O 11. e4 a6 12. Qe3 Qb8 13. Nd4 Re8
14. Rae1 Ra7 15. Qd2 Ba8 16. Kh1 h6 17. f4 Rc8 18. Re2 Nc5 19. Rfe1 Bf8 20. Qd1
$1 Rac7 21. Re3 Rd8 {Portisch offered a draw.} 22. Qe2 Rcc8 $2 (22... d5 23.
cxd5 exd5 24. e5 (24. Nxd5 $6 Nxd5 25. exd5 Bxd5 26. Bxd5 Rxd5 27. Re8 Rd8 (
27... Rc8 $2 28. Nc6 $18) 28. Nf5 Rxe8 29. Qxe8 Qb7+ 30. Kg1 Ne6) 24... Nfe4
25. b4 Nxc3 26. Rxc3 Ne4 27. Rxc7 Qxc7 28. Rc1 $16) (22... Bb7 $1 23. f5 Bc8)
23. f5 $1 {><e6} a5 (23... e5 24. Nc2 b5 25. cxb5 axb5 26. Nb4 $16) 24. fxe6
fxe6 25. Rf1 Re8 26. a3 Re7 (26... e5 27. Nf5 Nxb3 28. Nd5 $1 $40 {+-} (28.
Nxh6+ $143)) 27. Ncb5 {/\28.Sd6 Dd6 29.e5} Ncd7 28. Rd1 Ree8 (28... Ne5 29.
Nxd6 Qxd6 30. Nf3 $18) 29. Nc3 Ne5 30. Bh3 Kf7 31. Rf1 Rcd8 32. Rxf6+ $1 Kxf6 (
32... gxf6 33. Qh5+ $18) 33. Qf1+ Ke7 34. Nxe6 Rc8 35. Nd5+ Bxd5 36. exd5 a4
37. Nf4 Kd8 38. Bxc8 Kxc8 39. Ne6 Kb7 40. Bxe5 dxe5 41. Qf7+ 1-0

[Event "Netherlands"]
[Site "Netherlands"]
[Date "1980.??.??"]
[Round "?"]
[White "Sosonko, Gennadi"]
[Black "Timman, Jan H"]
[Result "0-1"]
[WhiteElo "2545"]
[BlackElo "2600"]
[PlyCount "76"]
[EventDate "1980.??.??"]
[EventType "game"]
[EventRounds "1"]
[EventCountry "NED"]
[SourceTitle "EXT 2010"]
[Source "ChessBase"]
[SourceDate "2010.11.25"]
[SourceVersion "1"]
[SourceVersionDate "2010.11.25"]
[SourceQuality "1"]

1. d4 Nf6 2. c4 g6 3. Nc3 d5 4. Nf3 Bg7 5. Qb3 dxc4 6. Qxc4 O-O 7. e4 Bg4 8.
Be3 Nfd7 9. Qb3 Nb6 10. Rd1 Nc6 11. e5 a5 12. Be2 Nb4 13. a3 Be6 14. d5 N6xd5
15. Nxd5 Nxd5 16. Ng5 Bxe5 17. Nxe6 fxe6 18. Bh6 Bg7 19. Bxg7 Kxg7 20. Qxb7 Qd6
21. Qb3 Rab8 22. Qc2 Qe5 23. Rd2 Nf4 24. O-O Rfd8 25. Rxd8 Rxd8 26. Bc4 Rd4 27.
g3 Nh3+ 28. Kg2 Ng5 29. h4 Qc5 30. hxg5 Rxc4 31. Qe2 Rc2 32. Qxe6 Rxb2 33. Kg1
Rc2 34. Qg4 Rc4 35. Qe2 Rc3 36. Re1 Rxg3+ 37. Kh2 Rxg5 38. Qxe7+ Kh6 0-1

[Event "Nijmegen RABO"]
[Site "Nijmegen"]
[Date "1980.02.09"]
[Round "1"]
[White "Timman, Jan H"]
[Black "Bohm, Hans"]
[Result "1-0"]
[WhiteElo "2600"]
[BlackElo "2410"]
[PlyCount "49"]
[EventDate "1980.02.09"]
[EventType "tourn (rapid)"]
[EventRounds "7"]
[EventCountry "NED"]
[EventCategory "10"]
[SourceTitle "EXT 2002"]
[Source "ChessBase"]
[SourceDate "2001.11.25"]
[SourceVersion "1"]
[SourceVersionDate "2001.11.25"]
[SourceQuality "1"]

1. e4 c6 2. d4 d5 3. Nd2 dxe4 4. Nxe4 Nf6 5. Nxf6+ exf6 6. Ne2 Bd6 7. Ng3 O-O
8. Be2 Re8 9. O-O Nd7 10. b3 Nf8 11. c4 f5 12. Bf3 Bd7 13. Bb2 Qg5 14. Qc1 h6
15. Qc3 Ng6 16. Rfe1 Nh4 17. a3 Nxf3+ 18. Qxf3 g6 19. d5 Rxe1+ 20. Rxe1 Qd2 21.
Re2 Qd1+ 22. Nf1 Kh7 23. Qc3 Rg8 24. Re1 Qg4 25. Qf6 1-0

[Event "Nijmegen RABO"]
[Site "Nijmegen"]
[Date "1980.02.09"]
[Round "2"]
[White "Enklaar, Bert F"]
[Black "Timman, Jan H"]
[Result "0-1"]
[WhiteElo "2395"]
[BlackElo "2600"]
[PlyCount "54"]
[EventDate "1980.02.09"]
[EventType "tourn (rapid)"]
[EventRounds "7"]
[EventCountry "NED"]
[EventCategory "10"]
[SourceTitle "EXT 2002"]
[Source "ChessBase"]
[SourceDate "2001.11.25"]
[SourceVersion "1"]
[SourceVersionDate "2001.11.25"]
[SourceQuality "1"]

1. e4 e5 2. Nf3 Nc6 3. Bc4 Bc5 4. c3 Nf6 5. d4 exd4 6. cxd4 Bb4+ 7. Bd2 Bxd2+
8. Nbxd2 d5 9. exd5 Nxd5 10. O-O O-O 11. Re1 Nb6 12. Bb3 Nxd4 13. Nxd4 Qxd4 14.
Qh5 Bg4 15. Qh4 Qxd2 16. Qxg4 Qxb2 17. Rad1 Qf6 18. Re3 Rad8 19. Rde1 Rd4 20.
Qe2 c5 21. Re8 g6 22. Qb5 c4 23. Rxf8+ Kxf8 24. Bd1 Rd2 25. Bf3 Qd4 26. Qe8+
Kg7 27. Re3 c3 0-1

[Event "Nijmegen RABO"]
[Site "Nijmegen"]
[Date "1980.02.09"]
[Round "5"]
[White "Timman, Jan H"]
[Black "Reefschlaeger, Helmut"]
[Result "1-0"]
[WhiteElo "2600"]
[BlackElo "2390"]
[PlyCount "61"]
[EventDate "1980.02.09"]
[EventType "tourn (rapid)"]
[EventRounds "7"]
[EventCountry "NED"]
[EventCategory "10"]
[SourceTitle "EXT 2002"]
[Source "ChessBase"]
[SourceDate "2001.11.25"]
[SourceVersion "1"]
[SourceVersionDate "2001.11.25"]
[SourceQuality "1"]

1. e4 e6 2. d4 d5 3. Nd2 Nf6 4. e5 Nfd7 5. Bd3 c5 6. c3 Nc6 7. Ne2 cxd4 8. cxd4
Nb6 9. O-O Bd7 10. a3 a5 11. b3 a4 12. b4 Na7 13. Nc3 Be7 14. Bb2 g6 15. Qe2
Kf8 16. f4 h5 17. Rac1 Kg7 18. Rc2 Rc8 19. Rfc1 h4 20. Nd1 Rxc2 21. Rxc2 Qe8
22. Ne3 Bb5 23. Rc7 Bxd3 24. Qxd3 Qb8 25. Rxe7 Kf8 26. Qc2 Kxe7 27. Qc5+ Kd7
28. Qxb6 Rc8 29. b5 Rc7 30. Qd6+ Ke8 31. b6 1-0

[Event "Netherlands"]
[Site "Netherlands"]
[Date "1981.??.??"]
[Round "?"]
[White "Timman, Jan H"]
[Black "Ree, Hans"]
[Result "1-0"]
[WhiteElo "2620"]
[BlackElo "2485"]
[PlyCount "53"]
[EventDate "1981.??.??"]
[EventType "game"]
[EventRounds "1"]
[EventCountry "NED"]
[SourceTitle "EXT 2010"]
[Source "ChessBase"]
[SourceDate "2010.11.25"]
[SourceVersion "1"]
[SourceVersionDate "2010.11.25"]
[SourceQuality "1"]

1. e4 c5 2. Nf3 e6 3. d4 cxd4 4. Nxd4 Nc6 5. Nc3 d6 6. f4 Nf6 7. Be3 Be7 8. Qf3
O-O 9. O-O-O Qc7 10. Kb1 a6 11. Be2 Nxd4 12. Bxd4 b5 13. e5 dxe5 14. Bxe5 Qa7
15. Bd3 Bb7 16. Qh3 g6 17. Qh4 Nd5 18. Qh6 Nf6 19. Qh4 Nd5 20. Qh6 Nf6 21. h4
Bxg2 22. h5 Bxh1 23. Rxh1 Rfd8 24. hxg6 fxg6 25. Bxg6 Bf8 26. Qh3 hxg6 27.
Qxe6+ 1-0

[Event "NED-ch36"]
[Site "Leeuwarden"]
[Date "1981.03.02"]
[Round "5"]
[White "Timman, Jan H"]
[Black "Hartoch, Robert G"]
[Result "1-0"]
[WhiteElo "2620"]
[BlackElo "2405"]
[PlyCount "69"]
[EventDate "1981.02.25"]
[EventType "tourn"]
[EventRounds "13"]
[EventCountry "NED"]
[EventCategory "6"]
[SourceTitle "MCD"]
[Source "ChessBase"]
[SourceDate "1999.07.01"]
[SourceVersion "1"]
[SourceVersionDate "1999.07.01"]
[SourceQuality "1"]

1. e4 d6 2. d4 Nf6 3. Nc3 g6 4. f4 Bg7 5. Nf3 O-O 6. Be3 c5 7. dxc5 Qa5 8. Bd3
Ng4 9. Bd2 Qxc5 10. Qe2 Nf6 11. O-O-O Nc6 12. Na4 Nd4 13. Qe3 Ng4 14. Nxc5 Nxe3
15. Bxe3 dxc5 16. Bxd4 cxd4 17. e5 Rd8 18. h3 f6 19. Bc4+ Kf8 20. e6 b6 21.
Rxd4 Rxd4 22. Nxd4 Bb7 23. Rg1 f5 24. Ne2 Rc8 25. Bb3 Ba6 26. Re1 Bf6 27. Nc3
Bxc3 28. bxc3 Kg7 29. Rd1 Kf6 30. Rd4 Rxc3 31. Kd2 Rc6 32. Rd7 Bc8 33. Rxa7
Bxe6 34. a4 Bc8 35. Kd3 {.....} 1-0

[Event "IBM-21 Herinnerungs Toernooi"]
[Site "Amsterdam"]
[Date "1981.05.??"]
[Round "?"]
[White "Timman, Jan H"]
[Black "Ree, Hans"]
[Result "1-0"]
[WhiteElo "2620"]
[BlackElo "2485"]
[Annotator "Notkin,M"]
[PlyCount "69"]
[EventDate "1981.05.24"]
[EventType "tourn"]
[EventRounds "11"]
[EventCountry "NED"]
[EventCategory "13"]
[SourceTitle "MCL"]
[Source "ChessBase"]
[SourceDate "1999.07.01"]
[SourceVersion "1"]
[SourceVersionDate "1999.07.01"]
[SourceQuality "1"]

1. d4 Nf6 2. c4 g6 3. Nc3 Bg7 4. e4 d6 5. f3 c6 6. Be3 a6 7. Bd3 O-O 8. Nge2 b5
9. O-O Nbd7 10. b3 e5 11. d5 bxc4 (11... cxd5 12. cxd5 Nc5 (12... Nh5 13. Rc1
f5 14. b4 $5 (14. exf5 gxf5 15. Qd2 $14) 14... f4 15. Bf2 g5 $6 (15... Bf6 $5)
(15... Nhf6 {/\h5,g5/}) 16. a4 bxa4 17. Nxa4 Nhf6 18. g4 $1 $16 {Tataev,
M-Zamora,J/USA/1991/1:0/54/}) 13. Bc2 b4 14. Na4 Nxa4 15. bxa4 Nd7 $6 (15...
Nh5 $16) 16. a3 bxa3 17. Rxa3 f5 18. exf5 gxf5 19. f4 $16 {Portisch,L-Spasov,V/
Manila/1992/0,5/50/}) 12. Bxc4 c5 13. Qd2 Ne8 14. Rab1 (14. a3 f5 15. b4 Qc7
16. Bd3 f4 17. Bf2 c4 18. Bc2 g5 19. Na4 $14 {Averbakh,Y-Podgaets,M/URS/1968/0,
5/64/}) 14... Nb6 $6 (14... f5) 15. Bd3 a5 16. a3 f5 17. f4 $1 (17. exf5 gxf5
18. f4 e4 19. Bc2 Ba6) (17. b4 f4 18. Bf2 c4 19. Bc2 g5) 17... Nd7 (17... g5
18. g3) 18. exf5 gxf5 19. b4 axb4 (19... e4 20. Bc2 cxb4 21. axb4 axb4 (21...
Nb6 22. b5 $16) 22. Rxb4 Nc5 23. Nd4 $14) 20. axb4 cxb4 21. Rxb4 Nc7 22. fxe5
Nxe5 23. Bg5 Qe8 (23... Bf6 24. Bxf6 Qxf6 25. Bc2 $16) 24. Bc2 Na6 25. Rh4 Nc5
26. Bh6 Ra7 27. Bxg7 Rxg7 28. Ng3 Ng6 29. Rh6 $1 Rgf7 (29... f4 30. Nh5 Qe5 $1
31. Bxg6 Rxg6 32. Rxg6+ hxg6 33. Nxf4 g5 $14) 30. Rh5 Qe5 $2 (30... f4 31. Nge4
Nxe4 32. Nxe4 Qe7 33. Ng5 Bg4 $1 (33... Rg7 34. Nxh7 $1 Rxh7 35. Bxg6 $16) 34.
Nxf7 Bxh5 35. Nh6+ Kh8 36. Nf5 Qf6 37. Nd4 $14) 31. Rg5 $1 (31. Re1 Qf4) 31...
Kh8 32. Nb5 $1 $18 Ba6 (32... Rf6 33. Nh5) (32... Bd7 33. Re1 Qf6 34. Nh5) (
32... Nb7 33. Nd4 Qxd5 34. Bb3) 33. Re1 Ne4 (33... Qf6 34. Rxf5) 34. Nxe4 $1
Bxb5 35. Nc3 1-0

[Event "EU-chT 08th Group2"]
[Site "Holzoster am See "]
[Date "1981.10.27"]
[Round "2.1"]
[White "Hoelzl, Franz"]
[Black "Timman, Jan H"]
[Result "0-1"]
[WhiteElo "2375"]
[BlackElo "2620"]
[PlyCount "36"]
[EventDate "1981.10.25"]
[EventType "team-match"]
[EventRounds "4"]
[EventCountry "AUT"]
[SourceTitle "EXT 2015"]
[Source "ChessBase"]
[SourceDate "2014.11.20"]
[SourceVersion "1"]
[SourceVersionDate "2014.11.20"]
[SourceQuality "1"]
[WhiteTeam "Austria"]
[BlackTeam "Netherlands"]
[WhiteTeamCountry "AUT"]
[BlackTeamCountry "NED"]

1. c4 e5 2. d3 Nf6 3. Nf3 Nc6 4. Nc3 d5 5. Bg5 $6 (5. cxd5 Nxd5) 5... dxc4 (
5... d4) 6. Qa4 Bd7 7. Qxc4 Be7 8. d4 (8. g3) 8... Be6 $132 9. Qa4 exd4 10.
O-O-O (10. Rd1) 10... Nd5 $40 11. Bxe7 Qxe7 12. Nxd5 Qc5+ 13. Kb1 Bxd5 14. Nxd4
Be4+ 15. Ka1 O-O-O 16. e3 Bc2 17. Rc1 Nxd4 18. b4 Qc3# 0-1

[Event "EU-chT 08th Group2"]
[Site "Holzoster am See "]
[Date "1981.10.28"]
[Round "2.2"]
[White "Timman, Jan H"]
[Black "Hoelzl, Franz"]
[Result "1-0"]
[WhiteElo "2620"]
[BlackElo "2375"]
[PlyCount "63"]
[EventDate "1981.10.25"]
[EventType "team-match"]
[EventRounds "4"]
[EventCountry "AUT"]
[SourceTitle "EXT 2015"]
[Source "ChessBase"]
[SourceDate "2014.11.20"]
[SourceVersion "1"]
[SourceVersionDate "2014.11.20"]
[SourceQuality "1"]
[WhiteTeam "Netherlands"]
[BlackTeam "Austria"]
[WhiteTeamCountry "NED"]
[BlackTeamCountry "AUT"]

1. e4 c5 2. Nf3 Nc6 3. Bb5 Nf6 4. Nc3 e5 5. Bxc6 dxc6 6. Nxe5 Nxe4 7. Qh5 g6 8.
Nxg6 Qd4 9. Nxh8 Qxf2+ 10. Kd1 Nxc3+ $2 (10... Qxg2 $8 11. Qxf7+ Kd8 12. Qf1
Nf2+ 13. Ke1 Qxh1 14. Nf7+ Ke8 15. Qxh1 Nxh1 16. Ng5 Bf5 17. Kf1 Bxc2 18. Kg1)
11. bxc3 Be6 12. Nxf7 Qxf7 13. Qxf7+ Kxf7 14. Rf1+ Kg6 15. h3 Bg7 16. a4 h5 17.
Rb1 b6 18. a5 b5 19. Ba3 Rd8 20. Kc1 Rd5 21. c4 Rg5 22. cxb5 cxb5 23. Bb2 Bxb2+
24. Kxb2 Bd5 25. Rbe1 h4 26. Rf4 Rxg2 27. Re5 Rg5 28. Re7 Rg2 29. Rxh4 Rxd2 30.
Rd7 c4 31. Kc3 Rd1 32. Rd6+ 1-0

[Event "Mar del Plata Clarin Masters"]
[Site "Mar del Plata"]
[Date "1982.02.??"]
[Round "?"]
[White "Timman, Jan H"]
[Black "Giardelli, Sergio Carlos"]
[Result "1-0"]
[WhiteElo "2655"]
[BlackElo "2460"]
[PlyCount "57"]
[EventDate "1982.02.??"]
[EventType "tourn"]
[EventRounds "13"]
[EventCountry "ARG"]
[EventCategory "13"]
[SourceTitle "MCL"]
[Source "ChessBase"]
[SourceDate "1999.07.01"]
[SourceVersion "1"]
[SourceVersionDate "1999.07.01"]
[SourceQuality "1"]

1. Nf3 c5 2. e4 e6 3. b3 d6 4. Bb2 Nf6 5. Bb5+ Bd7 6. Bxd7+ Nbxd7 7. Qe2 Be7 8.
O-O O-O 9. c4 Re8 10. Nc3 Ne5 11. Nxe5 dxe5 12. f4 exf4 13. e5 Nd7 14. Rxf4 Bg5
15. Rf3 f5 16. Nb5 Nf8 17. d4 cxd4 18. Bxd4 Be7 19. Rd1 a6 20. Nd6 Bxd6 21.
exd6 e5 22. Bxe5 Nd7 23. Re3 Qb6 24. Bd4 Rxe3 25. Bxe3 Re8 26. Kf2 Nc5 27. Qf3
Re5 28. d7 Qd8 29. Bxc5 1-0

[Event "EU-chT 08th Final"]
[Site "Plovdiv"]
[Date "1983.??.??"]
[Round "5.1"]
[White "Timman, Jan H"]
[Black "Portisch, Lajos"]
[Result "1-0"]
[WhiteElo "2605"]
[BlackElo "2620"]
[PlyCount "77"]
[EventDate "1983.06.23"]
[EventType "team-tourn"]
[EventRounds "7"]
[EventCountry "BUL"]
[SourceTitle "EU-chT"]
[Source "ChessBase"]
[SourceDate "1999.07.01"]
[SourceVersion "2"]
[SourceVersionDate "1999.07.01"]
[SourceQuality "1"]
[WhiteTeam "Netherlands"]
[BlackTeam "Hungary"]
[WhiteTeamCountry "NED"]
[BlackTeamCountry "HUN"]

1. e4 c5 2. Nf3 d6 3. d4 cxd4 4. Nxd4 Nf6 5. Nc3 a6 6. Bg5 e6 7. f4 Be7 8. Qf3
Qc7 9. O-O-O Nbd7 10. Bd3 h6 11. Qh3 Nb6 12. f5 e5 13. Nb3 Bd7 14. Be3 Na4 15.
Bd2 Nxc3 16. Bxc3 a5 17. a3 Bc6 18. Rhe1 b5 19. g4 b4 20. axb4 axb4 21. Bxb4
Qb7 22. Ba3 Rxa3 23. bxa3 Nxe4 24. Bxe4 Bxe4 25. Qc3 Bf3 26. f6 gxf6 27. Na5
Qa8 28. Rd3 Bxg4 29. Nc4 Qa6 30. Qb4 d5 31. Qb8+ Bc8 32. Nxe5 O-O 33. Nd7 Bd6
34. Rg1+ Kh8 35. Rh3 Qf1+ 36. Rxf1 Bxb8 37. Rxh6+ Kg7 38. Rh4 Bf4+ 39. Rhxf4
1-0

[Event "OHRA-A"]
[Site "Amsterdam"]
[Date "1984.07.18"]
[Round "2"]
[White "Timman, Jan H"]
[Black "Ree, Hans"]
[Result "1-0"]
[WhiteElo "2610"]
[BlackElo "2480"]
[Annotator "Notkin,M"]
[PlyCount "99"]
[EventDate "1984.07.17"]
[EventType "swiss"]
[EventRounds "9"]
[EventCountry "NED"]
[SourceTitle "MCL"]
[Source "ChessBase"]
[SourceDate "1999.07.01"]
[SourceVersion "1"]
[SourceVersionDate "1999.07.01"]
[SourceQuality "1"]

1. d4 Nf6 2. c4 e6 3. Nf3 d5 4. Nc3 Be7 5. Bg5 O-O 6. e3 Nbd7 7. Bd3 c5 8. O-O
cxd4 9. exd4 dxc4 10. Bxc4 Nb6 (10... a6 $5) 11. Bb3 Nfd5 (11... Bd7 12. Qd3
Nbd5 $2 (12... Nfd5 $14) 13. Ne5 Bc6 14. Rad1 $16 {Botvinnik,M-Vidmar,M/
Nottingham/1936/1:0/24/}) 12. Bxe7 (12. Be3 $5) 12... Qxe7 13. Re1 Rd8 14. Rc1
Nxc3 15. Rxc3 Bd7 $6 (15... Nd5 16. Rc5 $14) 16. d5 (16. Ne5 $5 {/\Rh3/}) 16...
Qd6 $2 (16... Qf6 17. Ne5 $16) (16... Bc6 17. Rd3 Qd6 18. dxe6 $1 Qxd3 19.
exf7+ Kf8 20. Ng5 $1 Qg6 21. Qc1 $1 $18) 17. dxe6 Bxe6 18. Qxd6 Rxd6 19. Bxe6
Rxe6 20. Rxe6 fxe6 21. Rc7 Rd8 22. Kf1 Rd7 23. Rxd7 Nxd7 24. Ng5 Nc5 25. b4 Na6
(25... h6 26. bxc5 hxg5 27. Ke2 Kf7 28. Kf3 Kf6 29. Kg4 Kg6 30. f3 Kh6 31. f4
gxf4 32. Kxf4 Kg6 33. Ke5 Kf7 34. h4 $18) 26. a3 Nc7 27. Ke2 h6 28. Ne4 Kf8 29.
Nd6 b6 30. Kd3 (30. Nc8 $5 Nb5 31. a4 Nc3+ 32. Kd3 Nxa4 33. Nxa7 Nb2+ 34. Kd4
e5+ 35. Ke4 Nd1 36. f3 Nf2+ 37. Kd5 Nd3 38. b5 Nf4+ 39. Ke4 Nxg2 40. Nc8 $18)
30... a6 31. Nc4 Nd5 (31... b5 32. Ne5 {/\Kd4,Nd3c5/}) 32. Kd4 Ke7 33. g3 Kd7
34. f4 Kc6 35. Ke5 Nc7 (35... Kb5 36. Nd6+ $1 Ka4 37. f5 Kxa3 38. fxe6 Ne7 (
38... Nf6 39. e7 Kxb4 40. Ne4 Ne8 41. Ke6 $18) 39. Nf5 Nc8 40. Kd5 g6 41. Kc6
gxf5 42. Kd7 $18) 36. Nd6 Kd7 37. f5 exf5 38. Nxf5 Ne8 39. g4 Nf6 40. h3 (40.
Nxh6 $1 Kc6 41. g5 Nd7+ 42. Ke6 $18) 40... h5 41. g5 Nh7 {adjourned} 42. h4 Nf8
43. Nxg7 Ng6+ 44. Kf6 Nxh4 45. Nxh5 Kc6 46. Ng3 Kd5 47. a4 $1 (47. Nf5 Ng2 $1)
47... b5 48. a5 Kc4 49. Nf5 Ng2 50. Ke5 $1 1-0

[Event "OHRA-A"]
[Site "Amsterdam"]
[Date "1984.07.24"]
[Round "7"]
[White "Nikolic, Predrag"]
[Black "Timman, Jan H"]
[Result "0-1"]
[WhiteElo "2570"]
[BlackElo "2610"]
[Annotator "Notkin,M"]
[PlyCount "70"]
[EventDate "1984.07.17"]
[EventType "swiss"]
[EventRounds "9"]
[EventCountry "NED"]
[SourceTitle "MCL"]
[Source "ChessBase"]
[SourceDate "1999.07.01"]
[SourceVersion "1"]
[SourceVersionDate "1999.07.01"]
[SourceQuality "1"]

1. d4 Nf6 2. c4 e6 3. Nc3 Bb4 4. Qc2 O-O 5. a3 Bxc3+ 6. Qxc3 b6 7. Nf3 Bb7 8.
e3 d6 9. b4 (9. Be2) 9... Nbd7 10. Bb2 Ne4 11. Qc2 f5 12. Be2 $6 (12. Bd3 Ndf6
13. O-O Ng4 14. h3 Ngf6 15. Nd2 Nxd2 16. Qxd2 Ne4 $13 {Ree,H-Tarjan,J/Luzern/
1982/}) 12... Ng5 $1 13. Qd1 (13. Nxg5 Qxg5 14. Rg1 f4 $17) 13... Nxf3+ 14.
Bxf3 Be4 $1 $15 15. Bxe4 fxe4 16. d5 (16. Qg4 Qf6 17. O-O Qf5 18. Qxf5 Rxf5 19.
Rfd1 $15) 16... e5 17. Qg4 (17. O-O Qh4 $17) 17... Nf6 18. Qe6+ Rf7 $1 19. O-O
(19. c5 bxc5 20. bxc5 Nd7 $1 {/\Nc5-d3/}) 19... Qf8 20. f4 $2 (20. Qh3 $15)
20... exf3 21. Rxf3 (21. gxf3 Re8 22. Qh3 h6 {/\Nh7-g5/}) 21... Qc8 $1 22.
Qxc8+ Rxc8 23. Rc1 (23. b5 Ne4) 23... c5 $5 (23... c6 24. c5 cxd5 25. cxd6
Rxc1+ 26. Bxc1 Nd7 $19) 24. b5 (24. dxc6 Rxc6 25. Rf2 Rfc7 26. Rfc2 Ne4 $17)
24... a6 $1 25. bxa6 Ra7 26. Rf2 Rxa6 27. Rb1 Ne4 28. Rc2 Rf8 29. Bc1 (29. Rf1
Rf6 $1) 29... h5 $1 30. Bb2 (30. Rcb2 Rxa3 31. Rxb6 Rd3 $19) (30. Rb3 h4 31.
Rcb2 g5 32. Rxb6 Rxa3 33. R6b3 Ra4 $19) 30... Ra4 31. h4 $2 Rf6 $19 32. Kh2 Rf2
$1 33. Rbc1 Rd2 $2 34. Kh3 Rd3 35. Re1 Nd2 0-1

[Event "Reggio Emilia-27 1984/85"]
[Site "Reggio Emilia"]
[Date "1985.01.03"]
[Round "8"]
[White "Timman, Jan H"]
[Black "Kurajica, Bojan"]
[Result "1-0"]
[WhiteElo "2650"]
[BlackElo "2535"]
[PlyCount "105"]
[EventDate "1984.12.27"]
[EventType "tourn"]
[EventRounds "11"]
[EventCountry "ITA"]
[EventCategory "12"]
[SourceTitle "CBM 027"]
[Source "ChessBase"]
[SourceDate "1992.04.01"]
[SourceVersion "1"]
[SourceVersionDate "1992.04.01"]
[SourceQuality "1"]

1. e4 c5 2. Nf3 Nc6 3. d4 cxd4 4. Nxd4 Qb6 5. Nb3 Nf6 6. Nc3 e6 7. Be3 Qc7 8.
Bd3 Be7 9. f4 d6 10. O-O O-O 11. a3 a6 12. Qf3 b5 13. Kh1 b4 14. axb4 Nxb4 15.
e5 Bb7 16. Qh3 dxe5 17. fxe5 Qxe5 18. Ra5 {^D} Nxd3 (18... Qd6 19. Bxh7+ (19.
Bc5 Qd8 20. Bxe7 Qxe7 21. Bxh7+ Nxh7 22. Rh5 f5 23. Rxh7 Qg5 24. Rh8+ Kf7 25.
Rh5 {^D} Qg6 {Hübner  26... <<h8} (25... Bxg2+ $8 {Timman} 26. Qxg2 Qxh5 27.
Qb7+ Kg8 28. Qxb4 {>> Timman} Rf6 {|^ HÜbner Die Stellung ist aber sehr schwer
zu beurteilen, dies sagt auch Timman.}) 26. Nd4 $2 (26. Rd1 Rad8 { 27... >>g2,
27... []c2 |^ Hübner}) 26... Rh8 27. Nxf5 Rxh5 28. Ng3+ (28. Nh4+ $2 Kg8 29.
Nxg6 Rxh3 $19) 28... Rf5 $17 {Hübner}) 19... Nxh7 20. Rh5 e5 $1 21. Bc5 (21.
Rxh7 $2 Bxg2+ $1) 21... Qg6 22. Bxe7 Nxc2 23. Bxf8 Ne3 $1 {|^ Timman} 24. Rg1
Ng4 {Timman} 25. Bc5 {Hübner Es ist nicht sichtbar, wie Schwarz fortsetzen
soll. Aus diesem Grund war der Partiezug 18... []d3 die richtige Entscheidung.}
) 19. Rxe5 Nxe5 20. Bc5 Ng6 21. Bxe7 Nxe7 {^D} 22. Nc5 (22. Na5 {Der schwarze
Läufer soll von der langen Diagonale vertrieben werden.} Rab8 23. Nxb7 Rxb7 24.
Na4 { 1/4h3-a3,  1/4h3-d3, []c5 (+)/\a Diese Zugfolge ist möglicherweise
objektiv stärker als die Partiefortsetzung, die allerdings interessanter und
ideenreicher ist . Hübner} (24. b3 Rc8 {Wei steht vor einer lästigen
technischen Aufgabe. Timman})) 22... Bc6 23. Rxf6 gxf6 24. N5e4 {^D} Bxe4 (
24... Kg7 25. Qh4 Ng8 26. Nxf6 Nxf6 27. Qg5+ Kh8 28. Qxf6+ Kg8 29. h4 { h4-h6
+- Timman} Rfd8 {Hübner} 30. h5 Kf8 {Schwarz kann noch Widerstand leisten.
Hübner} 31. Qh8+ (31. h6 Rd2) (31. Kh2 Ke8 { 32... <<d2}) (31. Ne2 Be4 (31...
Ke8)) 31... Ke7 32. Qxh7 Rh8) 25. Nxe4 Rfd8 26. Nxf6+ Kg7 27. Nh5+ Kf8 28. Qg4
{^D} Ng8 (28... Nf5 {Deckt g7 und verhindert 29.h4? <<d4!} 29. Qb4+ Kg8 30. g4
{>>/+-} Ne3 (30... Nh4 31. Qe1 {Der Springer wird zurückgetrieben und Wei
übernimmt wieder die Initiative.}) (30... Rd1+ 31. Kg2 Rd4 32. Qb7 Rxg4+ 33.
Kf3 $18 {Timman}) 31. Kg1 $1 Rac8 32. Kf2 {Der Springer gerät auf ein
Nebengleis. Timman} Nd1+ {Hübner} (32... Nd5 {Hübner} 33. Qe4 { 34.c4 Sieht
günstig für Wei aus. Hübner}) 33. Ke1 (33. Kg3 Rxc2 34. Qf4 Rd3+ 35. Kh4 Kf8)
33... Ne3 {Ob diese Stellung für Wei gewonnen ist, verdient einer näheren
Untersuchung. Hübner} (33... Rxc2 34. Qf4 $18)) 29. Qb4+ Ne7 30. h4 {^D} Rab8 (
30... Rac8 {Schwarz hält die Dame von der Diagonale a1-h8 ab und droht auch
etwas. Hübner} 31. Nf6 Rxc2 32. Nxh7+ Ke8 33. Qa4+ Rc6 {Diese Variante wäre
noch nicht entscheidend. Hübner}) 31. Qc3 Ng8 32. Qa3+ Ne7 33. Nf6 {Wei hat
weitere Fortschritte gemacht. Hübner} Rb7 34. Nxh7+ Kg7 35. Qf3 Rbd7 36. Ng5
Nf5 37. Qg4 Kf6 38. Nf3 Ke7 39. Qb4+ Kf6 40. Qf4 Ke7 41. g4 Rd1+ 42. Kh2 Nd6
43. Qg5+ f6 44. Qg7+ Nf7 45. g5 fxg5 46. hxg5 R1d5 47. g6 Rf8 48. gxf7 Rxf7 49.
Qg4 Rdf5 50. Ng5 Rg7 51. Qb4+ Kf6 52. Qd4+ Kg6 53. Nxe6 1-0